00967nam a2200241 i 450000100060000000300090000600500170001500700030003200800410003510000270007624501300010325000150023326000370024830000220028549000480030765000300035565000550038565100580044083000560049885200320055499900170058695201220060334893ES-MaACL20240306142522.0t|030211s1973 sp ||||1| spa d1 aBonnín, Pere.93028410aAsí hablan los nazis b: aproximación al estudio del lenguaje fascista en los medios de comunicación / cPere Bonnín. a[1ª ed.]. a[Barcelona] : bDopesa, c[1973] a148 p. ; c19 cm.1 aColección Documento Periodístico ; v47 4aNacionalsocialismo915470 4aPrensa y política-zAlemania-vHistoria.9168954 4aAlemania-xPolítica y gobierno-y1933-1945.91403010 aColección Documento Periodístico ; v479229519 aES-MaACLjC-55540 bR.88010 c34893d34893 00104070aATENEOMbATENEOMcDEPO2d2008-01-17eSCl0oC-55540p1036441r2023-02-23 00:00:00w2023-02-23yMONOGRAFIA